Catálogo público

Normal view MARC view

Entry Nombre de reunión

Number of records used in: 1

001 - NÚMERO DE CONTROL

  • campo de control: 104147

003 - IDENTIFICADOR DEL NÚMERO DE CONTROL

  • campo de control: OSt

005 - FECHA Y HORA DE LA ÚLTIMA TRANSACCIÓN

  • campo de control: 20220127112437.0

008 - DATOS DE LONGITUD FIJA

  • campo de control de longitud fija: 100519|| aznnnabb| un and |u

040 ## - FUENTE DE LA CATALOGACIÓN

  • Centro catalogador/agencia de origen: OSt
  • Centro/agencia transcriptor: OSt

111 2# - ENCABEZAMIENTO--NOMBRE DE CONGRESO/REUNIÓN

  • Nombre de congreso/reunión o jurisdicción como elemento de entrada: Seminario internacional revalorización de los grupos prioritarios en el medio rural(
  • Número del congreso/reunión o número de parte o sección: :
  • Fecha del congreso/reunión: 2002:
  • Sede del congreso/Lugar de la reunión: México, D.F.)